Pool - Paramore - Statistics

General Stats
  • This quiz has been taken 11 times
  • The average score is 313 of 356
Answer Stats
Hint Answer % Correct
a
100%
A
100%
air
100%
And
100%
and
100%
are
100%
back
100%
Back
100%
could
100%
eyes
100%
For
100%
from
100%
givin'
100%
I
100%
if
100%
If
100%
I'll
100%
I'm
100%
Chorus (I'm
100%
in
100%
into
100%
into)
100%
my
100%
(My
100%
never
100%
Never
100%
no
100%
No
100%
not
100%
of
100%
open)
100%
survive
100%
the
100%
The
100%
this
100%
under
100%
up
100%
was
100%
water)
100%
wave)
100%
what
100%
Pre-Chorus When
100%
you
100%
(You
100%
Verse 1 | Verse 2 As
88%
Could've
88%
dive
88%
Bridge Dive
88%
end
88%
get
88%
got
88%
is
88%
lungs
88%
out
88%
tame
88%
to
88%
wasn't
88%
we
88%
again
75%
any
75%
breaks
75%
but
75%
'cause
75%
'Cause
75%
come
75%
cut
75%
deep
75%
dove
75%
drain
75%
else
75%
enough
75%
fantasy
75%
first
75%
forget
75%
happens
75%
happy
75%
head
75%
heart
75%
it
75%
leave
75%
left
75%
like
75%
little
75%
lover's
75%
me
75%
moment
75%
new?
75%
next
75%
ocean
75%
one
75%
over
75%
pools
75%
(Right
75%
right
75%
rush
75%
same
75%
see
75%
shallow
75%
sinkin'
75%
somethin'
75%
time
75%
touch
75%
us
75%
used
75%
won't
75%
blood
63%
chance
63%
didn't
63%
ending
63%
found
63%
headfirst
63%
kiss
63%
know
63%
now
63%
Now
63%
our
63%
second
63%
that
63%
thrill
63%
went
63%
Why
63%
wish
63%
you're
63%
better
50%
doubt
50%
further
50%
illusion
50%
really
50%
sorry
50%
think
50%
through?
50%
will
50%
with?
50%
wonder
50%
before
38%
begin
38%
don't
38%
forgive
38%
shatter
38%
can
25%
Or
25%
yeah
0%
No matching quizzes found
Score Distribution
Percent of People with Each Score
Percentile by Number Answered
Your Score History
You have not taken this quiz